Half time : Changing your game plan from success to significance

Bibliographic Details
Main Author: Buford, Bob
Format: Book
Published: Kuala Lumpur : Printmate Sdn.Bhd. , 1994
Subjects:

MARC

LEADER 00000cam a2200000 7i4500
001 0000008151
002 000008891
005 20000330.0
020 |a 9839214063 
090 0 0 |a 248.842   |b BUF 
100 0 |a Buford, Bob 
245 1 0 |a Half time :   |b Changing your game plan from success to significance   |c Bob Buford 
260 |a Kuala Lumpur :   |b Printmate Sdn.Bhd. ,   |c 1994 
300 |a 175p. ;   |c 21cm. 
650 0 0 |a Spiritual life 
999 |a 047792   |b BUKU   |c PINJAMAN   |e PERPUSTAKAAN KOMUNITI PETALING JAYA 
999 |a 047793   |b BUKU   |c PINJAMAN   |e PERPUSTAKAAN KOMUNITI PETALING JAYA